000 00673nam a2200277Ia 4500
005 20260324120549.0
008 008 260324s9999 xx 000 0 eng d
020 _a9780429157448
037 _aEBOOK
040 _aCRL
040 _beng
040 _cCRL
041 _2eng
041 _aeng
084 _qCRL
100 _aStanley W. Jacob; Jack C. de la Torre
_91159074
245 0 _aDimethyl Sulfoxide (DMSO) in Trauma and Disease
260 _bTaylor and Francis
260 _c2015
365 _a
365 _b480
856 _uhttp://www.taylorfrancis.com/books/9780429157448
942 _cEBOOK
999 _c1750679
_d1750679